|
|
|
|
| LEADER |
00988nas a2200229 i 4500 |
| 003 |
GR-PaULI |
| 008 |
220621s2007 gr a|||| |||| 00| 0 gre d |
| 952 |
|
|
|0 0
|1 0
|2 ddc
|4 0
|6 069_000000000000000
|7 0
|9 361551
|a LISA
|b LISA
|c BSC
|d 2018-05-11
|i 107
|l 0
|o 069
|r 2022-06-21 00:00:00
|t 1
|w 2022-06-21
|y JNL
|
| 999 |
|
|
|c 211282
|d 211282
|
| 022 |
|
|
|a 1790-0980
|
| 040 |
|
|
|a GR-PaULI
|b gre
|c GR-PaULI
|d GR-AiPI
|
| 082 |
0 |
4 |
|a 069
|2 23
|
| 222 |
|
|
|a Τετράδια Μουσειολογίας
|b [Περιοδικό]
|
| 245 |
|
|
|a Τετράδια Μουσειολογίας
|h [Περιοδικό]
|
| 260 |
|
|
|a Αθήνα :
|b Καλειδοσκόπιο,
|c 2007.
|
| 300 |
|
|
|a τ. :
|b εικ. ;
|c 24 εκ.
|
| 310 |
|
|
|a Ετήσια
|
| 362 |
|
|
|a no.4 (2007)-no.7(2010)-no.8(2012)-no.9(2014)-no.10(2015)-no.11(2018)
|
| 650 |
|
4 |
|9 192614
|a Μουσειολογία
|v Περιοδικά.
|
| 866 |
|
|
|a no.4 (2007)-no.7(2010)-no.8(2012)-no.9(2014)-no.10(2015)-no.11(2018)
|
| 942 |
|
|
|2 ddc
|c JNL
|
| 998 |
|
|
|c ΜΙΧΟΣΤΑΥΡΟΥ
|d 2018-05
|